000 00530nam a22001697a 4500
003 BD-ChCU
005 20251118124531.0
008 251118b bg ||||| |||| 00| 0 ben d
040 _cBD-ChCU
082 _a328.3310973 SPE
245 _aThe speeches of the right honourable Richard Brinsley Sheridan :
_bwith a sketch of his life./
260 _aNew York :
_bRussell & Russell. ,
_cC 1969
300 _av .1-3.
650 0 _aDebates and Debating.
_916382
700 _aConstitutional friend .ed.
_916378
942 _2ddc
_cBK
_n0
999 _c109562
_d109562